000 00473nam a2200181Ia 4500
005 20250423095717.0
008 250422s9999 xx 000 0 und d
020 _a9789350144121
050 _aHD 7262 .P73/
100 _aPrashar, Anupama
245 0 _aIndustrial safety and environment
260 _aNew delhi
260 _bS.K.kataria & sons
260 _c2015
300 _a273 p
650 _aIndustrial safety. Industrial hygiene. Loss control.
942 _cBK
999 _c31098
_d31098